[Event "Wroclaw Open"]
[Site "?"]
[Date "2017.08.16"]
[Round "2.13"]
[White "Drijver, Evert"]
[Black "Sivakumar, Ashvin"]
[Result "0-1"]
[BlackElo "2221"]
[WhiteElo "1896"]
[LiveChessVersion "1.4.6"]

1. d4 {[%clk 1:30:58]} Nf6 {[%clk 1:30:46]} 2. c4 {[%clk 1:30:34]} c5
{[%clk 1:31:01]} 3. e3 {[%clk 1:26:25]} g6 {[%clk 1:29:21]} 4. Nf3
{[%clk 1:26:50]} Bg7 {[%clk 1:29:17]} 5. Be2 {[%clk 1:27:10]} O-O
{[%clk 1:28:18]} 6. Nc3 {[%clk 1:22:46]} cxd4 {[%clk 1:22:25]} 7. exd4
{[%clk 1:22:26]} d5 {[%clk 1:22:46]} 8. O-O {[%clk 1:19:05]} Nc6 {[%clk 1:21:10]}
9. Be3 {[%clk 1:14:11]} Be6 {[%clk 1:14:23]} 10. Ne5 {[%clk 1:02:54]} Rc8
{[%clk 1:07:07]} 11. Bf3 {[%clk 0:49:35]} Qa5 {[%clk 0:59:43]} 12. a3
{[%clk 0:39:09]} dxc4 {[%clk 0:55:51]} 13. Nxc6 {[%clk 0:39:04]} bxc6
{[%clk 0:56:12]} 14. Qa4 {[%clk 0:38:06]} Qxa4 {[%clk 0:46:10]} 15. Nxa4
{[%clk 0:38:21]} Bd5 {[%clk 0:46:16]} 16. Be2 {[%clk 0:37:51]} Ne4
{[%clk 0:46:21]} 17. Rac1 {[%clk 0:37:30]} Nd6 {[%clk 0:46:22]} 18. Rfd1
{[%clk 0:33:06]} Rfe8 {[%clk 0:42:04]} 19. Rd2 {[%clk 0:25:08]} Rb8
{[%clk 0:38:06]} 20. Nc5 {[%clk 0:21:44]} Rb5 {[%clk 0:29:24]} 21. b3
{[%clk 0:16:18]} cxb3 {[%clk 0:21:41]} 22. Bxb5 {[%clk 0:15:28]} Nxb5
{[%clk 0:21:04]} 23. a4 {[%clk 0:14:17]} Nd6 {[%clk 0:21:09]} 24. Rb2
{[%clk 0:12:35]} Rb8 {[%clk 0:19:30]} 25. Rc3 {[%clk 0:06:41]} e5
{[%clk 0:13:14]} 26. Rd3 {[%clk 0:07:10]} Rb4 {[%clk 0:13:35]} 27. dxe5
{[%clk 0:03:41]} Bxe5 {[%clk 0:13:56]} 28. Rxd5 {[%clk 0:03:30]} cxd5
{[%clk 0:12:43]} 29. Rxb3 {[%clk 0:03:59]} Rc4 {[%clk 0:07:47]} 30. Nd3
{[%clk 0:02:54]} Rxa4 {[%clk 0:06:37]} 31. Bh6 {[%clk 0:02:31]} Ra1+
{[%clk 0:06:19]} 32. Nc1 {[%clk 0:02:51]} f6 {[%clk 0:06:41]} 33. Rd3
{[%clk 0:02:22]} g5 0-1

[Event "Wroclaw Open"]
[Site "?"]
[Date "2017.08.16"]
[Round "2.14"]
[White "Gierulski, Kamil"]
[Black "Zagema, Jan Sybren"]
[Result "1-0"]
[BlackElo "1878"]
[WhiteElo "2210"]
[LiveChessVersion "1.4.6"]

1. d4 {[%clk 1:30:58]} Nf6 {[%clk 1:30:51]} 2. Bf4 {[%clk 1:31:24]} d5
{[%clk 1:28:47]} 3. e3 {[%clk 1:31:41]} Bf5 {[%clk 1:28:36]} 4. c4
{[%clk 1:29:11]} e6 {[%clk 1:27:34]} 5. Qb3 {[%clk 1:28:10]} Qc8 {[%clk 1:24:44]}
6. Nc3 {[%clk 1:28:13]} c6 {[%clk 1:18:10]} 7. h3 {[%clk 1:28:15]} Be7
{[%clk 1:08:15]} 8. Nf3 {[%clk 1:28:25]} O-O {[%clk 1:01:06]} 9. Rc1
{[%clk 1:24:36]} Nbd7 {[%clk 0:51:49]} 10. Be2 {[%clk 1:16:58]} Nb6
{[%clk 0:44:19]} 11. c5 {[%clk 1:10:43]} Nbd7 {[%clk 0:44:38]} 12. O-O
{[%clk 1:10:54]} Ne4 {[%clk 0:43:16]} 13. a3 {[%clk 1:01:54]} e5 {[%clk 0:27:18]}
14. Bh2 {[%clk 0:55:52]} exd4 {[%clk 0:24:53]} 15. exd4 {[%clk 0:56:20]} Re8
{[%clk 0:22:32]} 16. Nd1 {[%clk 0:53:34]} Bf6 {[%clk 0:16:12]} 17. Ne3
{[%clk 0:53:29]} Bg6 {[%clk 0:16:30]} 18. Rfe1 {[%clk 0:50:43]} h5
{[%clk 0:10:04]} 19. Bf1 {[%clk 0:37:15]} Re7 {[%clk 0:07:19]} 20. Re2
{[%clk 0:32:14]} Re8 {[%clk 0:05:15]} 21. Qd1 {[%clk 0:32:17]} Qd8
{[%clk 0:05:16]} 22. b4 {[%clk 0:32:27]} a5 {[%clk 0:04:07]} 23. b5
{[%clk 0:32:37]} Nf8 {[%clk 0:01:32]} 24. Rb2 {[%clk 0:31:35]} Ne6
{[%clk 0:01:14]} 25. bxc6 {[%clk 0:30:01]} bxc6 {[%clk 0:01:33]} 26. Rb6
{[%clk 0:29:45]} Qc8 {[%clk 0:01:12]} 27. Qa4 {[%clk 0:28:42]} Nd8
{[%clk 0:01:09]} 28. Nxd5 {[%clk 0:28:40]} 1-0

[Event "Wroclaw Open"]
[Site "?"]
[Date "2017.08.16"]
[Round "2.15"]
[White "Fuchs, Dominik"]
[Black "Slacky, Stanislav"]
[Result "1-0"]
[BlackElo "2210"]
[WhiteElo "1865"]
[LiveChessVersion "1.4.6"]

1. e4 {[%clk 1:30:44]} Nf6 {[%clk 1:30:35]} 2. e5 {[%clk 1:30:08]} Nd5
{[%clk 1:30:58]} 3. d4 {[%clk 1:30:12]} d6 {[%clk 1:31:22]} 4. c4
{[%clk 1:29:40]} Nb6 {[%clk 1:31:45]} 5. f4 {[%clk 1:29:20]} g6 {[%clk 1:31:55]}
6. Nc3 {[%clk 1:28:53]} Bg7 {[%clk 1:30:27]} 7. Be3 {[%clk 1:28:34]} O-O
{[%clk 1:30:33]} 8. Be2 {[%clk 1:28:47]} Be6 {[%clk 1:29:46]} 9. Qb3
{[%clk 1:27:30]} Na6 {[%clk 1:22:20]} 10. O-O-O {[%clk 1:23:15]} Qc8
{[%clk 1:14:29]} 11. h3 {[%clk 1:22:46]} c6 {[%clk 1:08:11]} 12. Nf3
{[%clk 1:18:18]} dxe5 {[%clk 1:05:16]} 13. fxe5 {[%clk 1:10:41]} Nc7
{[%clk 1:01:53]} 14. Kb1 {[%clk 1:06:25]} Nd7 {[%clk 0:51:41]} 15. Ng5
{[%clk 0:36:59]} c5 {[%clk 0:49:03]} 16. Nd5 {[%clk 0:33:49]} Bxd5
{[%clk 0:45:13]} 17. cxd5 {[%clk 0:33:51]} cxd4 {[%clk 0:44:28]} 18. d6
{[%clk 0:33:52]} exd6 {[%clk 0:43:41]} 19. exd6 {[%clk 0:33:59]} dxe3
{[%clk 0:41:32]} 20. Rc1 {[%clk 0:33:56]} Ne5 {[%clk 0:41:26]} 21. Rhf1
{[%clk 0:32:29]} Qd8 {[%clk 0:36:48]} 22. Nxf7 {[%clk 0:31:48]} Nxf7
{[%clk 0:18:21]} 23. Rxc7 {[%clk 0:29:02]} Kh8 {[%clk 0:16:02]} 24. Rfxf7
{[%clk 0:24:32]} Rxf7 {[%clk 0:14:04]} 25. Qxf7 {[%clk 0:24:51]} Qf6
{[%clk 0:13:56]} 26. Qxf6 {[%clk 0:22:47]} Bxf6 {[%clk 0:14:21]} 27. Rf7
{[%clk 0:23:00]} Be5 {[%clk 0:12:13]} 28. d7 {[%clk 0:23:10]} Rd8
{[%clk 0:09:49]} 29. Kc2 {[%clk 0:22:18]} Bc7 {[%clk 0:07:08]} 30. Bc4
{[%clk 0:21:31]} a6 {[%clk 0:04:16]} 31. Kd3 {[%clk 0:18:03]} b5 {[%clk 0:04:33]}
32. Bd5 {[%clk 0:14:21]} Bb6 {[%clk 0:04:40]} 33. a4 {[%clk 0:13:18]} bxa4
{[%clk 0:03:55]} 34. Bc4 {[%clk 0:13:09]} a5 {[%clk 0:02:21]} 35. Ke4
{[%clk 0:13:00]} Bc5 {[%clk 0:01:31]} 36. Kd5 {[%clk 0:12:24]} Bb4
{[%clk 0:01:51]} 37. Kc6 {[%clk 0:11:40]} Be1 {[%clk 0:01:11]} 38. Re7
{[%clk 0:11:11]} Bh4 {[%clk 0:01:32]} 39. Re8+ {[%clk 0:11:31]} Kg7
{[%clk 0:01:53]} 40. Kc7 {[%clk 0:11:52]} a3 {[%clk 0:00:40]} 41. bxa3 1-0

[Event "Wroclaw Open"]
[Site "?"]
[Date "2017.08.16"]
[Round "2.16"]
[White "Jagodzinski, Piotr"]
[Black "Karykowska, Anna"]
[Result "1-0"]
[BlackElo "1860"]
[WhiteElo "2177"]
[LiveChessVersion "1.4.6"]

1. d4 {[%clk 1:30:58]} Nf6 {[%clk 1:30:50]} 2. Nf3 {[%clk 1:30:38]} e6
{[%clk 1:30:30]} 3. g3 {[%clk 1:30:13]} b6 {[%clk 1:26:59]} 4. Bg2
{[%clk 1:30:28]} Bb7 {[%clk 1:27:18]} 5. O-O {[%clk 1:30:49]} d5 {[%clk 1:27:03]}
6. c4 {[%clk 1:28:24]} Be7 {[%clk 1:25:33]} 7. Ne5 {[%clk 1:24:36]} O-O
{[%clk 1:22:41]} 8. Nc3 {[%clk 1:24:14]} Qc8 {[%clk 1:14:24]} 9. cxd5
{[%clk 1:23:10]} Nxd5 {[%clk 1:10:46]} 10. Nxd5 {[%clk 1:16:51]} Bxd5
{[%clk 1:08:10]} 11. e4 {[%clk 1:04:40]} Bb7 {[%clk 1:08:27]} 12. Qa4
{[%clk 1:05:07]} c5 {[%clk 0:54:42]} 13. d5 {[%clk 0:55:12]} Rd8 {[%clk 0:50:44]}
14. Bh3 {[%clk 0:40:38]} Qc7 {[%clk 0:46:07]} 15. Nxf7 {[%clk 0:39:29]} Kxf7
{[%clk 0:42:29]} 16. Bxe6+ {[%clk 0:39:55]} Kf8 {[%clk 0:42:44]} 17. Bf4
{[%clk 0:38:39]} Bd6 {[%clk 0:42:47]} 18. e5 {[%clk 0:38:59]} Bxe5
{[%clk 0:40:15]} 19. Qe4 {[%clk 0:39:07]} Qe7 {[%clk 0:32:42]} 20. Bxe5
{[%clk 0:35:36]} Ke8 {[%clk 0:29:58]} 21. Qxh7 {[%clk 0:34:33]} Nd7
{[%clk 0:27:30]} 22. Qh5+ {[%clk 0:34:52]} 1-0

[Event "Wroclaw Open"]
[Site "?"]
[Date "2017.08.16"]
[Round "2.17"]
[White "Dziodzio, Angelika"]
[Black "Kawalko, Adam"]
[Result "1-0"]
[BlackElo "1848"]
[WhiteElo "2126"]
[LiveChessVersion "1.4.6"]

1. c4 {[%clk 1:30:57]} Nf6 {[%clk 1:30:42]} 2. Nc3 {[%clk 1:31:20]} c5
{[%clk 1:29:34]} 3. g3 {[%clk 1:31:44]} d5 {[%clk 1:28:21]} 4. cxd5
{[%clk 1:31:57]} Nxd5 {[%clk 1:28:36]} 5. Bg2 {[%clk 1:32:17]} Nc7
{[%clk 1:25:24]} 6. Nf3 {[%clk 1:29:48]} Nc6 {[%clk 1:23:06]} 7. O-O
{[%clk 1:29:44]} e5 {[%clk 1:18:49]} 8. d3 {[%clk 1:26:58]} Be7 {[%clk 1:16:23]}
9. Ne1 {[%clk 1:24:50]} O-O {[%clk 1:11:47]} 10. Nc2 {[%clk 1:19:35]} Be6
{[%clk 1:07:18]} 11. Ne3 {[%clk 1:13:48]} Qd7 {[%clk 1:01:55]} 12. Qa4
{[%clk 1:10:38]} Rfd8 {[%clk 0:55:27]} 13. f4 {[%clk 1:08:51]} exf4
{[%clk 0:51:10]} 14. Qxf4 {[%clk 1:08:36]} b5 {[%clk 0:44:25]} 15. Qf2
{[%clk 0:57:16]} Rac8 {[%clk 0:37:56]} 16. Ne4 {[%clk 0:36:45]} Nd4
{[%clk 0:35:07]} 17. g4 {[%clk 0:31:36]} Nd5 {[%clk 0:26:09]} 18. Nf5
{[%clk 0:27:35]} Bxf5 {[%clk 0:19:15]} 19. gxf5 {[%clk 0:27:58]} f6
{[%clk 0:18:28]} 20. Bd2 {[%clk 0:20:36]} Bd6 {[%clk 0:15:56]} 21. Rac1
{[%clk 0:18:09]} Qc7 {[%clk 0:13:05]} 22. h3 {[%clk 0:16:27]} Ne7
{[%clk 0:09:16]} 23. Nxd6 {[%clk 0:09:47]} Qxd6 {[%clk 0:09:24]} 24. e4
{[%clk 0:09:39]} Nec6 {[%clk 0:08:56]} 25. Be3 {[%clk 0:09:12]} Re8
{[%clk 0:09:06]} 26. Rfd1 {[%clk 0:08:50]} Re7 {[%clk 0:08:45]} 27. b4
{[%clk 0:08:26]} Qe5 {[%clk 0:05:41]} 28. Rxc5 {[%clk 0:08:29]} 1-0

[Event "Wroclaw Open"]
[Site "?"]
[Date "2017.08.16"]
[Round "2.18"]
[White "Witkowski, Krzysztof"]
[Black "Czachor, Grzegorz"]
[Result "1/2-1/2"]
[BlackElo "2108"]
[WhiteElo "1809"]
[LiveChessVersion "1.4.6"]

1. e4 {[%clk 1:30:57]} Nf6 {[%clk 1:30:49]} 2. e5 {[%clk 1:31:21]} Ng8
{[%clk 1:30:57]} 3. Nf3 {[%clk 1:30:39]} d6 {[%clk 1:30:33]} 4. d4
{[%clk 1:29:34]} Bg4 {[%clk 1:29:47]} 5. Bc4 {[%clk 1:26:51]} e6 {[%clk 1:30:10]}
6. h3 {[%clk 1:25:04]} Bh5 {[%clk 1:28:39]} 7. g4 {[%clk 1:19:48]} Bg6
{[%clk 1:29:02]} 8. Bd3 {[%clk 1:19:45]} Nd7 {[%clk 1:26:05]} 9. Bg5
{[%clk 1:14:14]} Be7 {[%clk 1:23:46]} 10. Bxe7 {[%clk 1:14:08]} Nxe7
{[%clk 1:23:47]} 11. Nc3 {[%clk 1:09:45]} d5 {[%clk 1:01:53]} 12. Qd2
{[%clk 1:02:07]} Bxd3 {[%clk 0:57:40]} 13. Qxd3 {[%clk 1:02:26]} c5
{[%clk 0:57:30]} 14. Nb5 {[%clk 0:56:08]} Nc8 {[%clk 0:52:55]} 15. dxc5
{[%clk 0:53:43]} Nxc5 {[%clk 0:51:23]} 16. Qc3 {[%clk 0:47:27]} Qb6
{[%clk 0:49:54]} 17. Nbd4 {[%clk 0:44:17]} Ne7 {[%clk 0:45:02]} 18. O-O
{[%clk 0:38:13]} O-O {[%clk 0:43:21]} 19. Nb3 {[%clk 0:33:52]} Rac8
{[%clk 0:41:08]} 20. Qd4 {[%clk 0:28:41]} Ng6 {[%clk 0:38:34]} 21. c3
{[%clk 0:23:09]} Qb5 {[%clk 0:36:26]} 22. Nxc5 {[%clk 0:20:54]} Rxc5
{[%clk 0:36:31]} 23. Qd2 {[%clk 0:21:05]} Qd7 {[%clk 0:30:02]} 24. Rae1
{[%clk 0:19:39]} Qc7 {[%clk 0:29:33]} 25. Qe3 {[%clk 0:18:57]} Ra5
{[%clk 0:25:06]} 26. a3 {[%clk 0:17:07]} Ra6 {[%clk 0:13:21]} 27. Nd4
{[%clk 0:14:16]} Rb6 {[%clk 0:12:20]} 28. Re2 {[%clk 0:12:51]} f6
{[%clk 0:12:32]} 29. f4 {[%clk 0:12:55]} fxe5 {[%clk 0:12:48]} 30. fxe5
{[%clk 0:13:17]} Rxf1+ {[%clk 0:13:10]} 31. Kxf1 {[%clk 0:13:38]} Qc4
{[%clk 0:13:18]} 32. Kg1 {[%clk 0:09:58]} Qc7 {[%clk 0:12:38]} 33. Qg3
{[%clk 0:09:32]} Qe7 {[%clk 0:12:46]} 34. Rf2 {[%clk 0:09:17]} h6
{[%clk 0:13:00]} 35. Nf3 {[%clk 0:07:31]} Rc6 {[%clk 0:13:23]} 36. h4
{[%clk 0:07:38]} Rc8 {[%clk 0:12:41]} 37. h5 {[%clk 0:07:59]} Nf8
{[%clk 0:13:06]} 38. g5 {[%clk 0:08:00]} Kh8 {[%clk 0:11:16]} 39. gxh6
{[%clk 0:06:49]} gxh6 {[%clk 0:11:45]} 40. Nh4 {[%clk 0:06:50]} Qg5
{[%clk 0:11:54]} 41. Qxg5 {[%clk 0:04:59]} hxg5 {[%clk 0:12:22]} 42. Ng6+
{[%clk 0:05:01]} Nxg6 {[%clk 0:12:47]} 43. hxg6 {[%clk 0:05:27]} Kg7
{[%clk 0:11:06]} 44. Rf6 {[%clk 0:05:45]} Rc6 {[%clk 0:10:41]} 45. Kg2
{[%clk 0:05:04]} Rb6 {[%clk 0:10:49]} 46. Kg3 {[%clk 0:05:24]} Rxb2
{[%clk 0:10:02]} 47. Rxe6 {[%clk 0:05:44]} Kh6 {[%clk 0:09:31]} 48. Kg4
{[%clk 0:04:37]} Rg2+ {[%clk 0:09:56]} 49. Kf3 {[%clk 0:04:51]} Rc2
{[%clk 0:09:41]} 50. Kg4 {[%clk 0:05:09]} Rg2+ {[%clk 0:07:27]} 51. Kf3
{[%clk 0:05:33]} Rc2 {[%clk 0:06:37]} 52. Kg4 {[%clk 0:05:53]} Rxc3 53. g7+ Kxg7
54. Kxg5 Kf7 1/2-1/2

[Event "Wroclaw Open"]
[Site "?"]
[Date "2017.08.16"]
[Round "2.19"]
[White "Kanicki, Krzysztof"]
[Black "Marko, Piotr"]
[Result "1/2-1/2"]
[BlackElo "1794"]
[WhiteElo "2098"]
[LiveChessVersion "1.4.6"]

1. c4 Nf6 2. Nc3 d5 3. cxd5 Nxd5 4. g3 e5 5. Bg2 Nb6 6. Nf3 Nc6 7. O-O Be7 8. a3
Be6 9. d3 O-O 10. b4 Nd4 11. Nd2 Nd5 12. Bb2 c6 13. e3 Nxc3 14. Bxc3 Nb5 15. Bxe5
Qxd3 16. Be4 Qd7 17. Qc2 f5 18. Bg2 a5 19. a4 Bxb4 20. axb5 Qxd2 21. Qxd2 Bxd2
22. Rfd1 Bb4 23. bxc6 bxc6 24. Bxc6 Rac8 25. Bd7 Bxd7 26. Rxd7 Rf7 27. Rad1 Ra8
28. Rd8+ Rf8 29. R8d7 Rf7 30. Rd8+ Rf8 31. R8d7 1/2-1/2

[Event "Wroclaw Open"]
[Site "?"]
[Date "2017.08.16"]
[Round "2.20"]
[White "Zauner, Christoph"]
[Black "Jankowiak, Piotr"]
[Result "0-1"]
[BlackElo "1774"]
[WhiteElo "2044"]
[LiveChessVersion "1.4.6"]

1. e4 {[%clk 1:30:57]} e5 {[%clk 1:30:49]} 2. Nf3 {[%clk 1:31:21]} Nc6
{[%clk 1:28:32]} 3. Bc4 {[%clk 1:31:45]} Bc5 {[%clk 1:28:53]} 4. b4
{[%clk 1:31:18]} Bxb4 {[%clk 1:28:07]} 5. c3 {[%clk 1:31:40]} Bc5
{[%clk 1:15:36]} 6. O-O {[%clk 1:29:50]} d6 {[%clk 1:05:40]} 7. d4
{[%clk 1:25:58]} exd4 {[%clk 1:01:45]} 8. cxd4 {[%clk 1:26:08]} Bb6
{[%clk 1:01:16]} 9. Nc3 {[%clk 1:10:00]} Bg4 {[%clk 0:53:31]} 10. Qb3
{[%clk 0:55:47]} Qd7 {[%clk 0:48:39]} 11. Ng5 {[%clk 0:44:37]} Nxd4
{[%clk 0:31:14]} 12. Bxf7+ {[%clk 0:43:37]} Kf8 {[%clk 0:31:22]} 13. Qc4
{[%clk 0:42:07]} h6 {[%clk 0:30:54]} 14. Bxg8 {[%clk 0:41:26]} hxg5
{[%clk 0:30:44]} 15. Be3 {[%clk 0:33:21]} Nc6 {[%clk 0:20:00]} 16. Bxb6
{[%clk 0:31:35]} axb6 {[%clk 0:19:50]} 17. f4 {[%clk 0:30:48]} Ke8
{[%clk 0:14:20]} 18. Bd5 {[%clk 0:24:33]} gxf4 {[%clk 0:09:22]} 19. Rxf4
{[%clk 0:24:27]} Ne5 {[%clk 0:09:44]} 20. Qd4 {[%clk 0:24:23]} c6
{[%clk 0:08:54]} 21. Bb3 {[%clk 0:24:32]} b5 {[%clk 0:09:00]} 22. Raf1
{[%clk 0:23:36]} Be6 {[%clk 0:08:15]} 23. Qf2 {[%clk 0:19:14]} Bxb3
{[%clk 0:07:16]} 24. axb3 {[%clk 0:19:35]} Qe7 {[%clk 0:07:07]} 25. Qg3
{[%clk 0:18:34]} Kd7 {[%clk 0:07:03]} 26. Ne2 {[%clk 0:17:44]} Raf8
{[%clk 0:06:47]} 27. Nd4 {[%clk 0:16:41]} Rxf4 {[%clk 0:04:35]} 28. Rxf4
{[%clk 0:17:04]} g6 {[%clk 0:03:57]} 29. h4 {[%clk 0:17:21]} Kc7 {[%clk 0:03:48]}
30. Qc3 {[%clk 0:09:38]} Kb8 {[%clk 0:03:56]} 31. g3 {[%clk 0:09:16]} Rf8
{[%clk 0:03:28]} 32. Qd2 {[%clk 0:05:21]} c5 {[%clk 0:01:45]} 33. Qf2
{[%clk 0:02:34]} Rxf4 {[%clk 0:01:36]} 34. gxf4 {[%clk 0:02:50]} cxd4
{[%clk 0:01:24]} 35. fxe5 Qxe5 {[%clk 0:01:38]} 36. Qf8+ {[%clk 0:03:01]} Ka7
{[%clk 0:02:05]} 37. Qd8 {[%clk 0:03:03]} Qg3+ {[%clk 0:01:29]} 38. Kf1
{[%clk 0:03:18]} Qd3+ {[%clk 0:01:34]} 39. Kg1 {[%clk 0:03:38]} Qd1+
{[%clk 0:01:37]} 40. Kf2 {[%clk 0:03:33]} Qc2+ {[%clk 0:02:00]} 41. Kf1
{[%clk 0:03:26]} Qb1+ {[%clk 0:02:01]} 42. Kf2 {[%clk 0:03:25]} Qa2+
{[%clk 0:01:10]} 43. Kf1 {[%clk 0:03:50]} Qa1+ {[%clk 0:01:12]} 44. Ke2
{[%clk 0:03:46]} Qc3 {[%clk 0:01:16]} 45. Qxd6 {[%clk 0:03:15]} Qe3+
{[%clk 0:01:14]} 46. Kf1 {[%clk 0:03:18]} Qf3+ {[%clk 0:00:53]} 47. Kg1
{[%clk 0:03:30]} Qe3+ {[%clk 0:01:16]} 48. Kf1 {[%clk 0:03:53]} Qxe4
{[%clk 0:00:59]} 49. Qc5+ {[%clk 0:03:54]} Kb8 {[%clk 0:01:05]} 50. Qd6+
{[%clk 0:02:26]} Kc8 {[%clk 0:01:25]} 51. Qc5+ {[%clk 0:02:47]} Kd8
{[%clk 0:01:44]} 52. Qb6+ {[%clk 0:02:46]} Ke7 {[%clk 0:02:04]} 53. Qxb5
{[%clk 0:02:37]} Ke6 {[%clk 0:01:45]} 54. Qe8+ {[%clk 0:01:50]} Kf5
{[%clk 0:01:58]} 55. Qd7+ {[%clk 0:01:19]} Kf4 {[%clk 0:02:16]} 56. Qd8
{[%clk 0:00:37]} Kf3 {[%clk 0:00:47]} 57. Qf6+ {[%clk 0:00:44]} Qf4
{[%clk 0:00:56]} 58. Qxg6 {[%clk 0:00:58]} Qc1# 0-1

[Event "Wroclaw Open"]
[Site "?"]
[Date "2017.08.16"]
[Round "2.22"]
[White "Pawicka, Magdalena"]
[Black "Szczepaniak, Lukasz"]
[Result "1/2-1/2"]
[BlackElo "2163"]
[WhiteElo "1790"]
[LiveChessVersion "1.4.6"]

1. e4 e5 2. Nf3 Nc6 3. Nc3 Nf6 4. d4 exd4 5. Nxd4 Bb4 6. Nxc6 bxc6 7. Bd3 d5 8.
exd5 cxd5 9. O-O O-O 10. Bg5 c6 11. Qf3 h6 12. Bxf6 Qxf6 13. Qxf6 gxf6 14. Ne2
Rd8 15. Nd4 Bd7 16. Nf5 Bf8 17. Rfe1 Rab8 18. b3 Re8 19. Re3 Re5 20. Rf3 Rbe8 21.
h3 Re1+ 22. Rxe1 Rxe1+ 23. Kh2 Bxf5 24. Bxf5 Bd6+ 25. g3 Be5 26. Bd3 Bd4 27. Kg2
Ra1 28. a4 c5 29. Rf5 c4 30. bxc4 dxc4 31. Bxc4 Rxa4 32. Bb3 Rb4 33. Rf4 a5 34.
Kf3 Kg7 35. Ke2 h5 36. Kd3 Bb6 37. Rxb4 axb4 38. Ke2 f5 39. f3 Kg6 40. g4 fxg4
41. fxg4 h4 42. Kf3 f6 43. Ke4 Bf2 44. Ba2 Be1 45. Bb3 Bd2 46. Ba2 Kg7 47. Kf5
Bg5 48. Bb3 Kf8 49. Ba2 Ke7 50. Bb3 Kd6 51. Ke4 Kc5 52. Ba2 Bd2 53. Bb3 Kb5 54.
Kf5 Bg5 55. Ke4 Kc6 56. Ba2 Kc5 57. Bb3 Kb5 58. Kf5 Kc6 59. Ke4 Bd2 60. Kf5 Bc3
61. Ke4 Kc5 62. Ba2 Kd6 1/2-1/2

[Event "Wroclaw Open"]
[Site "?"]
[Date "2017.08.16"]
[Round "3.1"]
[White "Sivakumar, Ashvin"]
[Black "Sergeev, Vladimir"]
[Result "1/2-1/2"]
[BlackElo "2417"]
[WhiteElo "2221"]
[LiveChessVersion "1.4.6"]

1. d4 {[%clk 1:09:11]} c5 {[%clk 1:30:55]} 2. d5 {[%clk 1:09:24]} Nf6
{[%clk 1:31:15]} 3. g3 {[%clk 1:09:02]} d6 {[%clk 1:31:39]} 4. c4
{[%clk 1:09:23]} g6 {[%clk 1:31:43]} 5. Bg2 {[%clk 1:09:48]} Bg7 {[%clk 1:32:07]}
6. Nc3 {[%clk 1:10:10]} Na6 {[%clk 1:32:28]} 7. Nf3 {[%clk 1:10:26]} Nc7
{[%clk 1:32:53]} 8. O-O {[%clk 1:10:38]} O-O {[%clk 1:33:05]} 9. e4
{[%clk 1:10:52]} Bg4 {[%clk 1:32:33]} 10. h3 {[%clk 1:09:27]} Bxf3
{[%clk 1:33:01]} 11. Qxf3 {[%clk 1:09:47]} Rb8 {[%clk 1:31:59]} 12. Qe2
{[%clk 1:09:34]} a6 {[%clk 1:32:06]} 13. a4 {[%clk 1:09:22]} b6 {[%clk 1:32:23]}
14. f4 {[%clk 1:04:05]} Nd7 {[%clk 1:30:41]} 15. Qd3 {[%clk 0:54:15]} Re8
{[%clk 1:28:14]} 16. Be3 {[%clk 0:47:01]} Nf8 {[%clk 1:24:10]} 17. e5
{[%clk 0:38:42]} dxe5 {[%clk 1:17:11]} 18. f5 {[%clk 0:39:05]} Nd7
{[%clk 1:00:49]} 19. Ne4 {[%clk 0:36:42]} Nf6 {[%clk 0:59:25]} 20. a5
{[%clk 0:35:04]} b5 {[%clk 0:52:58]} 21. Bxc5 {[%clk 0:30:13]} bxc4
{[%clk 0:51:57]} 22. Nxf6+ {[%clk 0:30:35]} Bxf6 {[%clk 0:52:02]} 23. Qxc4
{[%clk 0:30:39]} Nb5 {[%clk 0:48:40]} 24. fxg6 {[%clk 0:28:06]} hxg6
{[%clk 0:46:22]} 25. b4 {[%clk 0:28:28]} Kg7 {[%clk 0:44:22]} 26. Rae1
{[%clk 0:20:11]} Rh8 {[%clk 0:29:08]} 27. g4 {[%clk 0:18:12]} g5 {[%clk 0:22:37]}
28. Qd3 {[%clk 0:16:25]} Rh6 {[%clk 0:22:21]} 29. Rf2 {[%clk 0:11:05]} 1/2-1/2

[Event "Wroclaw Open"]
[Site "?"]
[Date "2017.08.16"]
[Round "3.2"]
[White "Omelja, Artem"]
[Black "Gierulski, Kamil"]
[Result "1-0"]
[BlackElo "2210"]
[WhiteElo "2411"]
[LiveChessVersion "1.4.6"]

1. d4 {[%clk 1:30:54]} d5 {[%clk 1:30:57]} 2. c4 {[%clk 1:31:15]} c6
{[%clk 1:31:23]} 3. Nf3 {[%clk 1:31:28]} Nf6 {[%clk 1:31:48]} 4. Nc3
{[%clk 1:31:35]} dxc4 {[%clk 1:32:04]} 5. a4 {[%clk 1:31:55]} Bf5
{[%clk 1:32:27]} 6. Ne5 {[%clk 1:32:13]} Nbd7 {[%clk 1:32:32]} 7. Nxc4
{[%clk 1:32:30]} Nb6 {[%clk 1:32:42]} 8. Ne5 {[%clk 1:32:46]} a5 9. h4
{[%clk 1:27:54]} h6 {[%clk 1:29:11]} 10. f3 e6 {[%clk 1:28:14]} 11. e4
{[%clk 1:27:58]} Bh7 {[%clk 1:28:31]} 12. Be3 {[%clk 1:23:39]} Nfd7
{[%clk 1:17:21]} 13. Nd3 Be7 14. Bf2 {[%clk 1:23:08]} O-O {[%clk 1:14:46]} 15.
Qb3 {[%clk 1:17:43]} Kh8 {[%clk 1:05:31]} 16. Be2 {[%clk 1:09:41]} Rc8 17. Nf4
{[%clk 1:07:38]} c5 {[%clk 1:00:00]} 18. d5 c4 {[%clk 0:58:55]} 19. Qb5
{[%clk 1:04:03]} e5 20. d6 {[%clk 0:53:38]} Bxd6 {[%clk 0:59:01]} 21. Nfd5
{[%clk 0:51:14]} Nxd5 {[%clk 0:42:20]} 22. Qxd5 {[%clk 0:48:44]} Rc6
{[%clk 0:37:37]} 23. Rd1 Nf6 {[%clk 0:20:49]} 24. Qb5 {[%clk 0:48:53]} Qc7
{[%clk 0:21:16]} 25. O-O {[%clk 0:48:42]} Bc5 {[%clk 0:19:13]} 26. Nd5
{[%clk 0:48:22]} Bxf2+ {[%clk 0:19:35]} 27. Rxf2 {[%clk 0:48:37]} Nxd5
{[%clk 0:20:02]} 28. Rxd5 {[%clk 0:47:57]} c3 29. bxc3 {[%clk 0:47:35]} Rxc3
{[%clk 0:14:46]} 30. Qxa5 {[%clk 0:46:34]} b6 {[%clk 0:11:24]} 31. Qb4
{[%clk 0:46:07]} Rc8 {[%clk 0:09:22]} 32. Ba6 {[%clk 0:43:32]} Rc1+
{[%clk 0:09:23]} 33. Kh2 {[%clk 0:43:23]} Rd8 {[%clk 0:08:45]} 34. Rfd2
{[%clk 0:43:17]} Rxd5 {[%clk 0:08:07]} 35. Qf8+ {[%clk 0:40:38]} Bg8
{[%clk 0:08:36]} 36. Rxd5 Kh7 37. h5 {[%clk 0:23:10]} f6 {[%clk 0:05:02]} 38. Rd8
{[%clk 0:23:13]} Qf7 {[%clk 0:05:25]} 39. Qxf7 {[%clk 0:23:32]} Bxf7
{[%clk 0:05:54]} 40. g4 {[%clk 0:23:49]} Rc7 {[%clk 0:04:22]} 41. Rb8
{[%clk 0:08:25]} Bb3 {[%clk 0:04:20]} 42. a5 {[%clk 0:06:49]} Rc2+
{[%clk 0:04:32]} 43. Kg3 {[%clk 0:06:56]} Ra2 {[%clk 0:03:18]} 44. Bc8
{[%clk 0:06:38]} Rxa5 {[%clk 0:03:28]} 45. Bf5+ {[%clk 0:06:41]} g6
{[%clk 0:03:56]} 1-0